Exploring geographic information systems / (Record no. 11931)
[ view plain ]
| 000 -LEADER | |
|---|---|
| fixed length control field | 00568cam a22002054a 4500 |
| 020 ## - INTERNATIONAL STANDARD BOOK NUMBER | |
| ISBN | 0471314250 |
| 020 ## - INTERNATIONAL STANDARD BOOK NUMBER | |
| ISBN | 9780471314257 |
| 020 ## - INTERNATIONAL STANDARD BOOK NUMBER | |
| ISBN | 0471427314 |
| 020 ## - INTERNATIONAL STANDARD BOOK NUMBER | |
| ISBN | 9780471427315 |
| 040 ## - CATALOGING SOURCE | |
| Transcribing agency | DLC |
| 082 04 - DEWEY DECIMAL CLASSIFICATION NUMBER | |
| Classification number | 025 CHR 2002 A006 Or. |
| 082 00 - DEWEY DECIMAL CLASSIFICATION NUMBER | |
| Classification number | 025.06/91 |
| 100 1# - MAIN ENTRY--AUTHOR NAME | |
| Personal name | Chrisman, Nicholas R |
| 245 10 - TITLE STATEMENT | |
| Title | Exploring geographic information systems / |
| 250 ## - EDITION STATEMENT | |
| Edition statement | Second edition |
| 300 ## - PHYSICAL DESCRIPTION | |
| Number of Pages | xiv, 305 pages : |
| Other physical details | illustrations, maps ; |
| Dimensions | 23 cm |
| 650 #0 - SUBJECT ADDED ENTRY--TOPICAL TERM | |
| Topical Term | Geographic information systems |
| 650 #4 - SUBJECT ADDED ENTRY--TOPICAL TERM | |
| Topical Term | Syst©·mes d'information g©♭ographique |
| 942 ## - ADDED ENTRY ELEMENTS (KOHA) | |
| Koha item type | សៀវភៅភាសាអង់គ្លេស |
| 952 ## - LOCATION AND ITEM INFORMATION (KOHA) | |
| Withdrawn status [LOCAL, KOHA] | 0 |
| Permanent Location | Date acquired | Koha item type | Lost status | Shelving location | Barcode | Current Location | Full call number |
|---|---|---|---|---|---|---|---|
| Library Block A | 2017-08-08 | សៀវភៅភាសាអង់គ្លេស | A006 | A13654 | Library Block A | 025 CHR 2002 A006 Or. |